| 000 | 00818cam a2200265 4500 | ||
|---|---|---|---|
| 001 | A367 | ||
| 008 | 090401t1993 xxu||||| |||| 00| 0 eng d | ||
| 035 | _a(Sirsi) u95402 | ||
| 041 | _aeng | ||
| 110 |
_aRoyal Institution of Chartered Surveyors _94900 |
||
| 245 | _aPaying for better motorways: issues for discussion | ||
| 260 |
_bRICS _c1993 |
||
| 300 | _a5p | ||
| 350 | _a3 | ||
| 490 |
_aRICS Memorandum _vGCPPA/Report(93)19 |
||
| 520 | _aPrepared in response to a Department of Transport consultation paper, which considers the case for introducing charging on motorways. | ||
| 650 | _aELECTRONIC CHARGING | ||
| 650 | _aMOTORWAYS | ||
| 650 | _aPRIVATE FINANCE | ||
| 650 | _aROAD PRICING | ||
| 650 | _aTRANSPORT POLICY | ||
| 690 | _aTRANSPORT AND COMMUNICATIONS | ||
| 942 | _n0 | ||
| 948 | _c04/03/1997 | ||
| 999 |
_c98483 _d98483 |
||